|
|
|
|
| LEADER |
00000nam a2200000 a 4500 |
| 001 |
vtls001128871 |
| 003 |
SK-MaSNL |
| 005 |
20260302031220.0 |
| 008 |
250414s1991 CS 0 cze |
| 020 |
|
|
|a 8090035663
|
| 035 |
|
|
|a SNK000071721
|
| 040 |
|
|
|a SNK
|b slo
|c SNK
|e AACR2
|
| 041 |
0 |
|
|a cze
|
| 044 |
|
|
|a [CS]
|
| 080 |
|
|
|a 885.0-31
|2 1981
|
| 100 |
1 |
|
|a Vavřincová, Fan,
|d 1917-
|4 aut
|9 97625
|
| 245 |
1 |
0 |
|a Divoška Kim
|c Anna Lorencová ; Ilustr. Milan Němeček
|
| 250 |
|
|
|a 3. vyd., v Atosu 1.
|
| 260 |
|
|
|a Praha
|b Atos
|c 1991
|
| 300 |
|
|
|a 158, [2] s.
|c 20 cm
|
| 490 |
0 |
|
|a Jaro
|v Sv. 4
|
| 700 |
1 |
|
|a Němeček, Milan
|4 ill
|9 451203
|
| 852 |
|
|
|a Slovenská národná knižnica
|
| 919 |
|
|
|a 80-900356-6-3
|
| 954 |
|
|
|a romány české
|
| 999 |
|
|
|c 1051321
|d 1053251
|
| 952 |
|
|
|t P60, <05>, [BOOK], {605}
|a SNK
|b SNK
|y PREZ
|7 0
|p 17A0221863
|o snkID 91979 D1
|0 0
|1 1
|4 0
|d 1999-12-23
|l 0
|r 2005-01-01 00:00:00
|w 2026-02-24
|